La madre de Dios según la fe y la teología / (Record no. 132890)

MARC details
000 -LEADER
campo de control de longitud fija 00613nam a2200193 4500
001 - NÚMERO DE CONTROL
campo de control 132890
003 - IDENTIFICADOR DE NÚMERO DE CONTROL
campo de control ES-MaACL
005 - FECHA Y HORA DE LA ÚLTIMA TRANSACCIÓN
campo de control 20230906194255.0
007 - CAMPO FIJO DE DESCRIPCIÓN FÍSICA--INFORMACIÓN GENERAL
campo de control de longitud fija t|
008 - DATOS DE LONGITUD FIJA--INFORMACIÓN GENERAL
campo de control de longitud fija 070214s1958 sp r ||||1| spa d
100 1# - ENTRADA PRINCIPAL--NOMBRE DE PERSONA
Nombre de persona Roschini, Gabriele Maria.
9 (RLIN) 99659
245 13 - MENCIÓN DEL TÍTULO
Título La madre de Dios según la fe y la teología /
Mención de responsabilidad, etc. Gabriel Mª Roschini, O.S.M.
250 ## - MENCION DE EDICION
Mención de edición 2ª ed. española
Resto de la mención de edición preparada por Eduardo Espert, S.J.
260 ## - PUBLICACIÓN, DISTRIBUCIÓN, ETC.
Lugar de publicación, distribución, etc. Madrid :
Nombre del editor, distribuidor, etc. Apostolado de la Prensa,
Fecha de publicación, distribución, etc. 1958.
300 ## - DESCRIPCIÓN FÍSICA
Extensión 2 v. ;
Dimensiones 21 cm.
650 00 - PUNTO DE ACCESO ADICIONAL DE MATERIA--TÉRMINO DE MATERIA
Término de materia o nombre geográfico como elemento de entrada Mariología.
9 (RLIN) 14794
700 1# - ENTRADA AGREGADA--NOMBRE PERSONAL
Nombre de persona Espert, Eduardo.
9 (RLIN) 47812
852 ## - LOCALIZACIÓN
Ubicación ES-MaACL
Número de control de estantería C-14028-29
Holdings
Estatus retirado Estado de pérdida Estado de daño No para préstamo Biblioteca de origen Biblioteca actual Ubicación en estantería Fecha de adquisición Fuente de adquisición Total de préstamos Signatura topográfica completa Código de barras Visto por última vez Precio de reemplazo Tipo de ítem Koha
        Biblioteca del Ateneo de Madrid Biblioteca del Ateneo de Madrid Sala Palomar 17/01/2008     C-14028-29 1138345 23/02/2023 23/02/2023 Libro impreso